| 000 | 00349nam a2200145 i 4500 | ||
|---|---|---|---|
| 001 | bg | ||
| 245 | 0 | _aCasticy i polja. | |
| 260 |
_aMoskva, _c1972. |
||
| 490 | 1 |
_aSignalnaja informacija. Fizika ; _vnr 4 |
|
| 830 | 0 |
_aSignalnaja informacija. _pFizika |
|
| 040 | _cBPK | ||
| 041 | _apol | ||
| 942 | _cKS | ||
| 008 | s pl f |000 0 pol | ||
| 999 |
_c14664 _d14664 |
||
| 856 |
_uhttp://koha.tu.koszalin.pl/cgi-bin/koha/opac-detail.pl?biblionumber=14664 _yKatalog online BPK |
||